000 00693nam a2200241Ia 4500
003 OSt
005 20220926012756.0
006 a|||||r|||| 00| 0
007 ta
008 220923b |||||||| |||| 00| 0 eng d
037 _cGeneral Book
040 _aRTL
_cRTL
_beng
041 _2eng
_aeng
082 _aD854:(Z).1.N7, L4
100 _aBarros James
_998981
245 0 _aInternational law of pollution
260 _aNew York
_bFree Press U S A
_c1974
300 _axvii,476p.
_ccm.
650 _aComputer Science
700 _a Johnston Douglas M
_9317237
942 _hD854:(Z).1.N7, L4
_cGB
_2CC
999 _c624311
_d624311